000 00863nam a2200217Ia 4500
003 IN-BaIIA
008 211028s9999 xx 000 0 eng d
040 _cIIA Library
080 _a0823.2:52
_bIAU
111 _aGeneral Assembly of the International Astronomical Union
_nXIIIth
_cPrague
_d1967 Aug. 22-31
_912973
245 0 _aHighlights of astronomy
_bproceedings of the XIIIth General Assembly of the International Astronomical Union, held in Prague, 22-31 August 1967
_cedited by Lubos Perek
260 _aDordrecht
_bD. Reidel Publishing
_c1968
300 _ax, 548p.
500 _aDonated by Mrs. Bappu
650 _aAstronomy
_980
650 _aAstronomy and Astrophysics Thesaurus
650 _aIAU Highlights
_95503
700 _aPerek, Lubos, ed.
710 _aInternational Astronomical Union
942 _cBK
999 _c7668
_d7668